| 000 | 01409nac a22002651i 4500 | ||
|---|---|---|---|
| 003 | EG-ScBUE | ||
| 005 | 20231116103722.0 | ||
| 008 | 121114s1933 ua ab f b 000 0 ara d | ||
| 040 |
_aEG-ScBUE _bara _erda _cEG-ScBUE _dEG-ScBUE |
||
| 082 | 0 | 4 |
_a910.4 _bب ط و _222 |
| 100 | 0 |
_aابن بطوطة، _d703-777 هـ.، _eمؤلف. _913596 |
|
| 245 | 1 | 0 |
_aمهذب رحلة ابن بطوطة، المسماة، تحفة النظار، في غرائب الأمصار، وعجائب الأسفار / _cوقف على تهذيبه وضبط غريبه وأعلامه أحمد العوامري بك، المفتش الأول للغة العربية بوزارة المعارف، محمد أحمد جاد المولى بك، المفتش بوزارة المعارف. |
| 264 | 1 |
_aالقاهرة : _bوزارة المعارف العمومية، _c1933. |
|
| 300 |
_a2 مجلد : _bإيضاحيات، خرائط ؛ _c24 سم |
||
| 336 |
_2rdacontent _aنص _btxt |
||
| 337 |
_aبدون وسيط _2rdamedia _bn |
||
| 338 |
_aمجلد _bnc _2rdacarrier |
||
| 504 | _aيشتمل على إرجاعات ببليوجرافية. | ||
| 505 | 0 | _aالجزء الأول -- الجزء الثاني. | |
| 650 | 7 |
_aأدب الرحلات. _2BUEsh _931314 |
|
| 655 | _vReading book | ||
| 700 | 1 |
_aالعوامرى، أحمد، _eمحقق. _926891 |
|
| 700 | 1 |
_aجاد المولى، محمد أحمد، _eمحقق. _929713 |
|
| 942 |
_cBB _2ddc |
||
| 999 |
_c6934 _d6934 |
||